ბათუმის შოთა რუსთაველის სახელმწიფო უნივერსიტეტის ბიბლიოთეკა

ექვთიმე თაყაიშვილი: (ბიბ.ჩანაწერი № 60097)

000 -ლიდერი
ფიქსირებული სიგრძის საკონტროლო ველი 01517nam a22002417a 4500
003 - საკონტროლო ნომრის იდენტიფიკატორი
საკონტროლო ველი Ge_BSU
005 - ბოლო ოპერაციის თარიღი და დრო
საკონტროლო ველი 20230608111604.0
008 - ფიქსირებული სიგრძის მონაცემთა ელემენტები - ზოგადი ინფორმაცია
ფიქსირებული სიგრძის საკონტროლო ველი 230608s1989 ge ||||| |||| 00| 0 geo d
020 ## - წიგნის საერთაშორისო სტანდარტული ნომერი
International Standard Book Number 5520004528
041 ## - ენის კოდი
Language code of text/sound track or separate title geo
080 ## - უნივერსალური ათობითი კლასიფიკაციის ინდექსი
Universal Decimal Classification number 930(479.22)(092) მ-47
100 ## - მთავარი ჩანაწერი - პიროვნების სახელი
Personal name მეგრელიძე, იოსებ
9 (RLIN) 114
245 ## - ცნობა სათაურის შესახებ
Title ექვთიმე თაყაიშვილი:
Remainder of title ცხოვრება და მოღვაწეობა /
Statement of responsibility, etc იოსებ მეგრელიძე; რედაქტორი: ან.აფაქიძე; საქართველოს სსრ მეცნიერებათა აკადემია.საზოგადოებრივ მეცნიერებათა განყოფილება.
264 ## - წარმოების, გამოცემის, დისტრიბუციის და სხვა ცნობები
გამოცემის, წარმოების, დისტრიბუციის... ადგილი თბილისი:
გამოცემის, წარმოების, დისტრიბუციის... სახელწოდება მეცნიერება,
გამოცემის, წარმოების, დისტრიბუციის... თარიღი 1989.
300 ## - ფიზიკური აღწერა
Extent 432 გვ.:
Other physical details ილ.;
Dimensions 22 სმ.
501 ## - შენიშვნა თანმხლებ მასალაზე
With note საძიებ. გვ. 404-426
504 ## - BIBLIOGRAPHY, ETC. NOTE
Bibliography, etc ბიბლიოგრ. გვ. 398-399
653 ## - INDEX TERM--UNCONTROLLED
Uncontrolled term თაყაიშვილი ექვთიმე.
653 ## - INDEX TERM--UNCONTROLLED
Uncontrolled term ქართველი ისტორიკოსები.
700 ## - ADDED ENTRY--PERSONAL NAME
Personal name აფაქიძე, ანდრია
Relator term რედაქტორი
9 (RLIN) 5454
700 ## - ADDED ENTRY--PERSONAL NAME
Personal name საქართველოს სსრ მეცნიერებათა აკადემია.
Relator term საზოგადოებრივ მეცნიერებათა განყოფილება
9 (RLIN) 18562
942 ## - ADDED ENTRY ELEMENTS (KOHA)
Source of classification or shelving scheme
Koha item type წიგნი
ეგზემპლარები
ჩამოწერის სტატუსი დაკარგული ეგზემპლარის სტატუსი კლასიფიკაციის წყარო ან თაროზე გაწყობის სქემა დაზიანების სტატუსი არ გაიცემა მუდმივი მდებარეობა (დაცვის ადგილი) ამჟამინდელი ადგილსამყოფელი თაროზე განთავსების ადგილი შეძენის თარიღი ღირებულება, შესყიდვის ნორმალური ფასი სრული შენახვის შიფრი შტრიხკოდი ბოლო ოპერაციის თარიღი ეგზემპლარის მიმდევრობითი ნომერი (კეტერი?) Uniform Resource Identifier ფასის ძალაში შესვლის თარიღი ეგზემპლარის სახეობა საჯარო შენიშვნა
          ბათუმის შოთა რუსთაველის სახელმწიფო უნივერსიტეტის მთავარი ბიბლიოთეკა ბათუმის შოთა რუსთაველის სახელმწიფო უნივერსიტეტის მთავარი ბიბლიოთეკა წიგნსაცავი 2023-06-08 8.00 930(479.22)(092) მ-47 64562 2023-06-08 64562 ბსუ-ს საპატიო დოქტორის გურამ ლორთქიფანიძის საჩუქარი 2023-06-08 წიგნი 8 ლ.